00708nam a2200193 i 450000100060000000300090000600500170001500700030003200800410003508000140007610000300009024501330012026000570025330000260031053000350033665000330037185200210040485600890042519507ES-MaACL20230906152119.0t|021001s1895 sp ||||1| spa d a242:265.31 aAbad de Aparicio, Hilario10aNueve días dedicados a Nuestro Señor Jesucristo b: presente en el Augusto Sacramento de la Eucaristía / cpor H. A. de A. aMadrid : b[s.n.], c1895 (fImp. de Nicolás Moya) a210, 23 p. ; c18 cm. aDisponible en formato digital. 4aEucaristía-vMeditaciones. aES-MaACLjG-8567 uhttp://bdh-rd.bne.es/viewer.vm?id=0000086103&page=1 zBiblioteca Digital Hispánica